000 00447cam a22001457a 4500
008 180718b1974 xxu||||| |||| 00| 0 eng d
082 _aOAx42 G798
100 _aKennedy,James C.
245 _aLooking for leisure 1974
_cBy James C. Kennedy
260 _aLondon
_bGreater London council
_c1974
300 _a114p
650 _aChristian education - United States
650 _aChurch and college - United States
650 _aHope College - History
999 _c410693
_d410693